000 00321nam a22001337a 4500
008 170814b xxu||||| |||| 00| 0 eng d
020 _a0262090279
041 _aeng
080 _a51
100 _a36
101 _aMAT
245 _aRESOURCE ALLOCATION PROBLEMS ALGORITTHMIC APPROACHES
_cIBARAKI.T
942 _2udc
_cBK
999 _c23269
_d23269